00321nam a22000977a 4500008004100000082001800041100002800059245007900087260004900166300000800215230605b xxu||||| |||| 00| 0 eng d a328.7305bSUL cJohn V. Sullivan d2005 aConstitution Jefferson's Manual and Rules of the House of Representatives  aWashington bU.S. Government Printing Office a955